| 000 | 00000nas 2200000za 4500 |
| 001 | 9.863782 |
| 003 | CaOODSP |
| 005 | 20221107161350 |
| 007 | cr ||||||||||| |
| 008 | 181026d19771995oncmr p oss f0###b0fre|d |
| 022 | |y0380-464X |
| 040 | |aCaOODSP|bfre |
| 041 | |aeng|afre |
| 043 | |an-cn--- |
| 086 | 1 |aCS35-002-PDF |
| 245 | 00|aProduction, shipments and stocks on hand of sawmills east of the Rockies (excluding Newfoundland and Prince Edward Island) |h[ressource électronique] / |cStatistics Canada, Manufacturing and Primary Industries Division = Production, expéditions et stocks en mains des scieries à l'est des Rocheuses (sauf Terre-Neuve et l'Île-du-Prince-Édouard) / Statistique Canada, Division des industries manufacturières et primaires. |
| 246 | 11|aProduction, expéditions et stocks en mains des scieries à l'est des Rocheuses (sauf Terre-Neuve et l'Île-du-Prince-Édouard) |
| 246 | 13|aProduction, livraisons et stocks en mains des scieries à l'est des Rocheuses (sauf Terre-Neuve et l'Île-du-Prince-Édouard)|fJanv. 1979-déc. 1995 |
| 260 | |aOttawa :|bStatistics Canada = Statistics Canada, |c1977-1995. |
| 310 | |aMensuel |
| 362 | 0 |aVol. 32, no. 1 (janv. 1977)-v. 50, no. 12 (déc. 1995). |
| 500 | |aÉdition numérisée de l’imprimé [par Statistique Canada]. |
| 500 | |aCertaines livr. comportent le titre : Production, livraison et stocks en mains des scieries à l'est des Rocheuses (sauf Terre-Neuve et l'Île-du-Prince-Édouard). |
| 546 | |aTexte en anglais et en français. |
| 550 | |aPubl. janv. 1985-déc. 1995 par la Division de l'industrie. |
| 580 | |aFusionné avec : Production, shipments and stocks on hand of sawmills in British Columbia, et devient : Sawmills and planing mills. |
| 692 | 07|2gccst|aIndustrie du bois d'oeuvre |
| 710 | 1 |aCanada. |bStatistique Canada. |bDivision de l'industrie. |
| 710 | 1 |aCanada. |bStatistique Canada. |bDivision des industries manufacturières et primaires. |
| 780 | 00|tProduction, shipments and stocks on hand of sawmills East of the Rockies (excluding Newfoundland, Prince Edward Island and Manitoba) |w(CaOODSP)9.863774 |
| 791 | |tProduction, shipments and stocks on hand of sawmills east of the Rockies (excluding Newfoundland and Prince Edward Island)|eeng|w(CaOODSP)9.863781 |